| 000 | 01479nam a2200409 a 4500 | ||
|---|---|---|---|
| 999 |
_c22903 _d22903 |
||
| 001 | vtls001460463 | ||
| 005 | 20201015073751.0 | ||
| 008 | 180216s2003 xo a 0 slo | ||
| 020 | _a8080462437 | ||
| 035 | _aSNK000415770 | ||
| 035 | _aurn:nbn:sk:snk-amygyg | ||
| 035 | _aurn:nbn:sk:snk-am00ck7t | ||
| 035 | _a54E4C348-94CB-46DB-829A-C70D72B7FDF9 | ||
| 040 |
_aSNK _bslo _cSNK _eAACR2 |
||
| 041 | 0 | _aslo | |
| 044 |
_axo _cSK |
||
| 072 | 7 |
_a613 _xHygiena. Ľudské zdravie _2konspekt |
|
| 080 |
_a613.9 _21981 |
||
| 080 |
_a618.2/.7 _21981 |
||
| 080 |
_a(035) _21981 |
||
| 080 |
_a(084.12) _21981 |
||
| 100 | 1 |
_aFenwick, Elizabeth _91845 |
|
| 240 | 1 | 0 |
_aThe complete book of mother and baby care _lSlovensky |
| 245 | 1 |
_aVeľká kniha o matke a dieťati _cElizabeth Fenwicková ; [z anglického originálu preložili Adela Böhmerová a Beáta Baranová] |
|
| 250 | _a11. podstatne preprac. vyd. | ||
| 260 |
_aBratislava _bPerfekt _c2003 |
||
| 300 |
_a264 s. _bfareb. fotogr., tab. _c29 cm |
||
| 500 | _aRozlož. fareb. fotogr. na tit. strane | ||
| 500 | _aNa tit. strane uvedené Nové, dôkladne prepracované vydanie | ||
| 650 | 0 | 7 |
_astarostlivosť o dieťa _2SNKPH _91841 |
| 650 | 0 | 7 |
_atehotenstvo _2SNKPH _91624 |
| 655 | 7 |
_apríručky _2SNKPH _91541 |
|
| 655 | 7 |
_afotografické publikácie _2SNKPH _91846 |
|
| 700 | 1 |
_aBöhmerová, Ada, _d1947- _4trl _91843 |
|
| 700 | 1 |
_aBaranová, Beáta _4trl _91844 |
|